00515 2200205 4500001002100000008004100021035002000062245004200082100001900124250001700143260003300160300002000193020002200213084001700235082001100252650001900263990000900282990000900291990000900300INLIS000000000000755 ind  a0010-0425000755 aEtika Bermedia SosialcMaya Rohmayati aMaya Rohmayati aCetakan ke-3 aDepok :bCV Arya Duta,c2020 a72 hlm.c25 cm. a978-979-094-401-5 a170.44 MAY e a170.44 aMaya Rohmayati a2128 a2129 a2130